000 01268nam a2200289 c 4500
003 BLK
005 20180420231327.0
008 180409b bul|||||r ||||||| ||bul||
010 _aKNG00124243000
040 _aBLK
041 _aBUL
_cBUL
080 _aАзербайджанска литература
_b821.512.162
_x-31
_z821.512.162-31
100 1 _aАнар
_eпърви автор
_931165
700 1 _aЦолова, Бистра Веселинова
_eпрев. от рус.
_9315806
139 _aАнар
_bА 64
245 1 0 _aШестият етаж на пететажната сграда
_bРоман
_cАнар; прев. от рус. Бистра Веселинова Цолова.
257 _aAZE
260 София
_bНар. култура
_c1981
_fВраца : В. Александров
300 _a236 с.
_c17 см
380 _aX
500 _aОриг. загл. Шестой этаж пятиэтажного дома. - Пълното ими на авт. е Анар Расул - оглы Рзаев.
852 _aЦб І 19188
856 4 _qpdf
_u
856 4 _qpdf
_u
942 _cKNG
_n0
944 _aCR
_c08.07.2011
_l08.07.2011 - от С1,Р / 08.07.2011
_kВиолета_Тройчева
944 _aED
_c08.07.2011
_l08.07.2011 - от С1,Р / 08.07.2011
_k
999 _c118639
_d118639